| 000 | 00552cam a2200205ua 4500 | ||
|---|---|---|---|
| 001 | 11210 | ||
| 005 | 20260515114724.0 | ||
| 008 | 190903n ii |||gr||||Z||||||eng | ||
| 020 | _a9788183421324 | ||
| 040 | _cMAIN | ||
| 041 | _aeng | ||
| 082 | _a370.1 | ||
| 100 |
_aPremchand Jogi, _eAuthor. |
||
| 245 |
_aEncyclopaedia of educational philosophy : _bphilosophy of education / _cBy Premchand Jogi . |
||
| 250 |
_a1st ed. / _bV.4. |
||
| 260 |
_aNew Delhi: _bCrescent publishing, _c2008. |
||
| 300 | _a284p. | ||
| 653 | _aEducation | ||
| 942 | _cBK | ||
| 999 |
_c10062 _d10062 |
||